|
|
|
|
| LEADER |
00000cam a2200000 7i4500 |
| 001 |
0000001971 |
| 005 |
20020717.0 |
| 090 |
0 |
0 |
|a JPSM338.1759349
|b BEN 1994
|
| 110 |
1 |
0 |
|a BENGKEL Pengurusan Sumber Buluh Semulajadi
|k 1994
|j Alor Setar, Kedah
|
| 245 |
1 |
0 |
|a Prosiding Bengkel ... , Alor Setar, Kedah, 30-31 Mei 1994
|c editor Sulaiman b. Salleh, Haji Salim b. Ali, Amran b. Mohd. Ghazali
|
| 260 |
0 |
0 |
|a Kuala Lumpur :
|b Jabatan Perhutanan Semenanjung Malaysia ,
|c 1994
|
| 300 |
|
|
|a iv, 120 p. :
|b col. ill., maps ;
|c 26 cm.
|
| 500 |
0 |
0 |
|a Includes bibliographical references
|
| 650 |
0 |
0 |
|a Bamboo-pulp industry
|x Congresses
|z Malaysia
|
| 650 |
0 |
0 |
|a Bamboo
|x Congresses
|z Malaysia
|
| 700 |
0 |
1 |
|a Amran b. Mohd. Ghazali
|
| 700 |
0 |
1 |
|a Salim b. Ali, Haji
|
| 700 |
0 |
1 |
|a Sulaiman b. Salleh
|
| 998 |
|
|
|a JPSM
|
| 999 |
|
|
|a 0000003309
|b Monograph
|c Open Shelf
|e Default branch
|
| 999 |
|
|
|a 0000003379
|b Monograph
|c Open Shelf
|e Default branch
|
| 999 |
|
|
|a 0000003617
|b Monograph
|c Open Shelf
|e Default branch
|